Akumulace elektrické energie z obnovitelných zdrojů do akumulátorových batérií

Bibliographic Details
Main Authors: Cenek, Miroslav, 1939- (Author), Kazelle, Jiří (Author)
Format: Article
Language:Czech
Slovak
PhysicalDescription:Tb. 2., lit. 9 zázn. v češ., angl.
Subjects:

MARC

LEADER 00000nab a2200000 a 4500
001 vtls000432824
003 SK-MaSNL
005 20260302233716.0
008 160204c1990 xo 0 cze
015 |a SNBRA19rr/mm-uuuuu 
035 |a CL0432952 
040 |a SNKBUCL  |b slo  |c SNKBUCL  |e AACR2 
041 0 |a slo 
044 |a xo  |c SK 
080 |a 621.311.61:620.91  |2 1981 
080 |a 620.91  |2 1981 
080 |a 621.35  |2 1981 
100 1 |a Cenek, Miroslav,  |d 1939-  |4 aut  |9 10314 
245 1 0 |a Akumulace elektrické energie z obnovitelných zdrojů do akumulátorových batérií  |c Miroslav Cenek, Jiří Kazelle 
300 |b Tb. 2., lit. 9 zázn. v češ., angl. 
650 0 7 |a akumulátory  |2 snkbucl  |9 49750 
655 7 |a články zo zborníkov  |2 snkbucl  |9 166140 
700 1 |a Kazelle, Jiří  |4 aut  |9 772059 
773 0 |t Obnoviteľné a druhotné zdroje energie  |d Bratislava : Dom techniky ZSVTS, 1990  |g S. 3-7 
850 |a Slovenská národná knižnica v Martine  |a MTA001 
852 |a SNK  |b KIS3GCP 
958 |a NB 
958 |a RK 
958 |a CZ 
992 |a RZB 
999 |c 1547553  |d 1549483